Vplyv mletia a zloženia východiskových zmesí na mikroštruktúru a mechanickú pevnosť penobetónov

Salvato in:
Dettagli Bibliografici
Autore principale: Sepešiová, Veronika (Autore)
Altri autori: Kuzielová, Eva (Relatore della tesi)
Natura: Manoscritto Libro
Lingua:slovacco
Pubblicazione: 2015
Soggetti:
Accesso online:http://is.stuba.sk/zp/portal_zp.pl?podrobnosti=101837
Tags: Aggiungi Tag
Nessun Tag, puoi essere il primo ad aggiungerne!!

MARC

LEADER 00000ntm a22000003a 4500
001 stuzp53072
003 SK-STU
005 20160719154354.1
007 ta
008 150427s2015----xo-----f-mn---000-0-slo-d
040 |a STU  |b slo 
041 0 |a slo 
100 1 |a Sepešiová, Veronika  |u 042110  |4 aut  |U FCHPT Ústav anorganickej chémie, technológie a materiálov  |T FCHPT Oddelenie keramiky, skla a cementu  |X 69342  |U C2110  |Y 110  |7 69342 
242 0 1 |a The Influence of Milling and Composition of Initial Mixtures on the Microstructure and the Mechanical Strength of Foam Concretes  |y eng 
245 1 0 |a Vplyv mletia a zloženia východiskových zmesí na mikroštruktúru a mechanickú pevnosť penobetónov 
260 |c 2015 
650 4 |a portlandský cement  |2 slo 
650 4 |a metakaolín  |2 slo 
650 4 |a mletie  |2 slo 
650 4 |a peny  |2 slo 
650 4 |a penobetón  |2 slo 
650 4 |a foam concrete  |2 eng 
650 4 |a portland cement  |2 eng 
650 4 |a metakaolin  |2 eng 
650 4 |a milling  |2 eng 
650 4 |a foams  |2 eng 
700 1 |a Kuzielová, Eva  |4 ths  |X 10169  |7 10169 
856 4 |u http://is.stuba.sk/zp/portal_zp.pl?podrobnosti=101837 
SQL |a stuzp53072  |b DBP  |c SLO  |d Vplyv mletia a zloženia východiskových zmesí na mikroštruktúru a mechanickú pevnosť penobetónov  |e 69342  |f Sepešiová, Veronika  |g 042110  |h 10169  |i Kuzielová, Eva  |j 20150713  |k 753  |l 04  |m http://is.stuba.sk/zp/portal_zp.pl?podrobnosti=101837  |n B-CHEMAT  |o 4.1.14. chémia, 5.2.18. chemické technológie